|
|
|
|
| LEADER |
00000nam a2200000Ii 4500 |
| 001 |
DIGCUMD0115 |
| 003 |
NyNyDIG |
| 008 |
240104s2022 ck o 000 0 spa d |
| 006 |
m o d |
| 007 |
cr ||||||||||| |
| 035 |
|
|
|a (OCoLC)1419043948
|
| 040 |
|
|
|a DGITA
|b eng
|e rda
|e pn
|c DGITA
|
| 020 |
|
|
|a 9789587635980
|q digital
|
| 043 |
|
|
|a s-ck---
|
| 050 |
1 |
4 |
|a HG1976.L29 ebook
|
| 100 |
1 |
|
|a López-Rodríguez, Campo Elías,
|e author.
|
| 245 |
1 |
0 |
|a Banca Multilateral y Unión Europea :
|b iniciativas en torno al conflicto armado en Colombia /
|c autores, Campo Elías López-Rodríguez, Mónica Lizeth García-Cárdenas, Camilo Andrés Ortiz-Patiño.
|
| 264 |
|
1 |
|a Bogotá D.C., Colombia :
|b Corporación Universitaria Minuto de Dios - UNIMINUTO,
|c 2022.
|
| 300 |
|
|
|a 1 online resource.
|
| 336 |
|
|
|a text
|b txt
|2 rdacontent
|
| 337 |
|
|
|a computer
|b c
|2 rdamedia
|
| 338 |
|
|
|a online resource
|b cr
|2 rdacarrier
|
| 347 |
|
|
|a text file
|2 rdaft
|
| 347 |
|
|
|b PDF
|
| 588 |
0 |
|
|a Online resource; title from PDF title page (Digitalia, viewed January 4, 2024)
|
| 650 |
|
0 |
|a Development banks.
|
| 650 |
|
0 |
|a Economic development
|z Colombia.
|
| 650 |
|
0 |
|a Armed conflict
|x Social aspects
|z Colombia.
|
| 700 |
1 |
|
|a García-Cárdenas, Mónica Lizeth,
|e author.
|
| 700 |
1 |
|
|a Ortiz-Patiño, Camilo Andrés,
|e author.
|
| 791 |
2 |
|
|a Digitalia (Firm),
|e distributor.
|
| 793 |
0 |
|
|g Digitalia ebook Collection:
|a Corporación Universitaria Minuto de Dios
|
| 856 |
4 |
0 |
|3 Digitalia Hispánica
|u https://www.digitaliapublishing.com/a/131657/
|
| 910 |
|
|
|a Premium collection: 2024
|